| 000 | 00758cam a22002291 4500 | ||
|---|---|---|---|
| 001 | ca 35000551 | ||
| 003 | DLC | ||
| 005 | 20260227111138.0 | ||
| 008 | 791103s1935 maua 000 0 eng | ||
| 010 | _aca 35000551 | ||
| 035 | _a(OCoLC)5640465 | ||
| 040 |
_aDLC _cOCl _dOCoLC _dDLC |
||
| 042 | _apremarc | ||
| 050 | 0 | 0 |
_aPS2716 _b.F3 1935 |
| 082 | _a812.5 | ||
| 100 | 1 |
_aRitchie, Anna Cora Ogden Mowatt, _d1819-1870. |
|
| 245 | 1 | 0 |
_aFashion; _bor, Life in New York, a comedy in five acts, _cby Anna Cora Mowatt; a new acting edition arranged by Frank E. Fowle. |
| 260 |
_aBoston, _bWalter H. Baker company _c[c1935] |
||
| 300 |
_a79, [1] p. _bdiagrs. _c19 cm. |
||
| 500 | _aAt head of title: Famous plays in acting editions. | ||
| 600 | 1 | 0 | _aFowle, Frank E. |
| 999 |
_c17846 _d17846 |
||